| 000 | 00614nam a22002057a 4500 | ||
|---|---|---|---|
| 005 | 20251108165941.0 | ||
| 008 | 250721s9999 xx 000 0 ara d | ||
| 082 | 1 | 4 | _aط/388/شار |
| 100 | 1 | _aالشاروني، يعقوب | |
| 245 | 1 | 0 | _aوسائل المواصلات / |
| 264 | 1 |
_aالقاهره : _bشركة سفير، _c[19-]. |
|
| 300 | _a32ص | ||
| 490 | 0 | _aفي كل زمان و مكان ؛ 4 | |
| 650 | 1 | 7 | _aالنقل |
| 650 | 1 | 7 | _aأنماط النقل |
| 650 | 1 | 7 | _aوسائط النقل |
| 653 | _aاطفال مرحلة متوسطة (6-9) سنوات | ||
| 942 |
_2ddc _cBK |
||
| 999 |
_c35691 _d35691 |
||